Google "do...?" Transportation - Statistics

General Stats
  • This quiz has been taken 21 times
  • The average score is 4 of 15
Answer Stats
Question Answer % Correct
Do smart cars use g__ gas
65%
Do ships still use a______ anchors
41%
Do space shuttles have w______ windows
41%
Do trains have b________ bathrooms
29%
Do airplanes have w___ wifi
29%
Do fighter jets have a__ c___________ air conditioning
24%
Do Indy cars have a c_____ clutch
24%
Do tanker trucks carry m___ milk
24%
Do pickup trucks have b_____ c______ backup cameras
18%
Do tractor trailers have c_____ c______ cruise control
18%
Do forklifts use p______ propane
18%
Do speed boats have s___ b____ seat belts
18%
Do dump trucks have c______ c_______ catalytic converters
12%
Do motorhomes have a__ b_____ air brakes
6%
Do limos have t_____ trunks
6%
No matching quizzes found
Score Distribution
Percent of People with Each Score
Percentile by Number Answered
Your Score History
You have not taken this quiz